Aachen : Fotografiert von jost schilgen. Mit einem text von wolfgang richter
Kaydedildi:
| Materyal Türü: | Kitap |
|---|---|
| Dil: | Undetermined |
| Baskı/Yayın Bilgisi: |
Grasberg
Sachbuchverlag Karin Mader
1989
|
| Konular: | |
| Etiketler: |
Etiketle
Etiket eklenmemiş, İlk siz ekleyin!
|
| Thư viện lưu trữ: | Trung tâm Học liệu Trường Đại học Cần Thơ |
|---|
| LEADER | 00563nam a2200181Ia 4500 | ||
|---|---|---|---|
| 001 | CTU_104611 | ||
| 008 | 210402s9999 xx 000 0 und d | ||
| 082 | |a 943.55 | ||
| 082 | |b A111 | ||
| 245 | 0 | |a Aachen : | |
| 245 | 0 | |b Fotografiert von jost schilgen. Mit einem text von wolfgang richter | |
| 260 | |a Grasberg | ||
| 260 | |b Sachbuchverlag Karin Mader | ||
| 260 | |c 1989 | ||
| 650 | |a Aachen (Đức),Aachen (Đức) | ||
| 650 | |x Mô tả và du lịch,Thánh đường | ||
| 904 | |i Năm | ||
| 980 | |a Trung tâm Học liệu Trường Đại học Cần Thơ | ||